000 00386pab a2200145 454500
008 180718b1987 xxu||||| |||| 00| 0 eng d
100 _aKelly, John M.
245 _aThe case for reform of the real property tax
260 _c1987
300 _a125-6
362 _aJan.
650 _aReal Property - Taxation
773 _aAmerican Journal of Economics and Sociology
909 _a17063
999 _c17063
_d17063